Najbardziej prostokątne państwa na świecie - Statystyki

Ogólne statystyki
  • Ten quiz został rozwiązany 32 razy
  • Średni wynik to 3 z 10
Statystyki odpowiedzi
Pozycja Kontynent Państwo # % Poprawnych
1 Afryka Egipt 0,955
82%
8 Europa Polska 0,919
64%
10 Afryka Sudan 0,917
36%
2 Europa Watykan 0,948
36%
9 Oceania Nauru 0,917
29%
3 Afryka Lesotho 0,936
21%
5 Afryka Ghana 0,924
18%
6 Europa Macedonia Północna 0,921
18%
7 Afryka Wybrzeże Kości Słoniowej 0,919
11%
4 Azja Jemen 0,928
7%
Nie znaleziono quizów pasujących do podanych kryteriów
Rozkład punktacji
Procent ludzi z każdym wynikiem
Percentyl według liczby udzielonych odpowiedzi
Twoja historia wyników
Nie rozwiązałeś tego quizu